|
|
|
|
| LEADER |
01241cam a2200313 7i4500 |
| 001 |
0000051647 |
| 005 |
20230522090000.0 |
| 020 |
|
|
|a 98342311 (hardback)
|
| 020 |
|
|
|a 9789834231101 (hardback)
|
| 090 |
0 |
0 |
|a HD9710.M44
|b Z88 2008
|
| 100 |
0 |
|
|a Zuraidah Omar
|
| 245 |
1 |
0 |
|a Turning points :
|b the UMW story
|c Zuraidah Omar.
|
| 264 |
|
|
|a Shah Alam, Selangor:
|b UMW Holdings Berhad,
|c 2008.
|
| 300 |
|
|
|a 224 pages:
|b colour illustrations;
|c 23 cm.
|
| 336 |
|
|
|a text
|2 rdacontent
|
| 337 |
|
|
|a unmediated
|2 rdamedia
|
| 338 |
|
|
|a volume
|2 rdacarrier
|
| 500 |
|
|
|a Gift: UMW Holdings Berhad
|
| 504 |
|
|
|a Includes bibliographical references and index
|
| 610 |
2 |
|
|a UMW Holdings Berhad --
|x History
|
| 650 |
0 |
0 |
|a International business enterprises --
|z Malaysia
|
| 650 |
0 |
0 |
|a Automobile industry and trade --
|x History --
|z Malaysia
|
| 710 |
2 |
|
|a UMW Holdings Berhad
|
| 997 |
|
|
|a Business & Accountancy, Faculty
|
| 999 |
|
|
|a 0000061636
|b BOK
|c OPEN SHELF
|e 1st Floor, Shah Alam
|
| 999 |
|
|
|a 0000065011
|b BOK
|c OPEN SHELF
|e 1st Floor, Shah Alam
|
| 999 |
|
|
|a 0000070200
|b BOK
|c OPEN SHELF
|e 1st Floor, Shah Alam
|
| 999 |
|
|
|a 0000070511
|b BOK
|c OPEN SHELF
|e 1st Floor, Bestari Jaya
|
| 999 |
|
|
|a 0000070512
|b BOK
|c OPEN SHELF
|e 1st Floor, Bestari Jaya
|